Statistics for Pretty Little Liars Deaths

Click here to take the quiz!

General Stats

  • This quiz has been taken 469 times
    (407 since last reset)
  • The average score is 5 of 18

Answer Stats

Hint Killer Victim % Correct
Buried AliveCharlotte and Jessica DilaurentisAlison Dilaurentis
92%
Pushed From Radley Sanitarium's RoofBethany YoungMarion Cavanaugh
80%
Hit With A Shovel, Then Buried AliveMona Vanderwaal and Melissa HastingsBethany Young
79%
MurderedLyndon JamesMaya St. Germain
56%
StabbedEmily FieldsLyndon James
55%
SuicideA/Mona/HimselfIan Thomas
41%
Head TraumaAria MontgomeryShana Fring
33%
Dose of LosartanMary DrakeJessica Dilaurentis
30%
MurderedCece DrakeDarren Wilden
27%
MurderedDarren WildenGarrett Reynolds
26%
Heart AttackEsther Potter
8%
Loss of BloodMona's KidnapperMona Vanderwaal
5%
Hit By a CarHanna MarinArcher Dunhill
3%
UnknownWayne Fields
2%
StrangledUnknownCharlotte Dilaurentis
1%
BeheadedEmily FieldsNoel Khan
1%
Car Accident/ComaYvonne Phillips
1%
MurderedUnknownSara Harvey
0%

Score Distribution

Percentile by Number Answered

Percent of People with Each Score

Your Score History

You have not taken this quiz since the last reset